| Tag |
First Indicator |
Second Indicator |
Subfields |
| LEADER |
00000cam a2200000 4500 |
| 001 |
in00000238513 |
| 005 |
20151010050830.0 |
| 008 |
751223s1932 vp a b 00010 eng d |
| 010 |
|
|
|a 32034828
|
| 035 |
|
|
|a (OCoLC)01902643
|
| 035 |
|
|
|9 ABB2494AM
|
| 040 |
|
|
|a DLC
|c FUG
|d TXA
|d UtOrBLW
|
| 049 |
|
|
|a TXAM
|c [957125]
|
| 050 |
0 |
0 |
|a E99.E7
|b W48
|
| 082 |
0 |
|
|a 919.8
|
| 100 |
1 |
|
|a Weyer, Edward Moffat,
|d 1904-1998.
|
| 245 |
1 |
4 |
|a The Eskimos ;
|b their environment and folkways /
|c by Edward Moffat Weyer, jr. PH. D.
|
| 264 |
|
1 |
|a New Haven :
|b Yale university press;
|a London :
|b H. Milford, Oxford university press,
|c 1932.
|
| 300 |
|
|
|a xvii, 491 pages :
|b illustrations, maps (3 folded) tables (1 folded) diagrams ;
|c 24cm.
|
| 336 |
|
|
|a text
|b txt
|2 rdacontent
|
| 337 |
|
|
|a unmediated
|b n
|2 rdamedia
|
| 338 |
|
|
|a volume
|b nc
|2 rdacarrier
|
| 500 |
|
|
|a "Published on the Louis Stern memorial fund."
|
| 500 |
|
|
|a "Approximately the first half of the manuscript was prepared as a dissertation for the degree of Doctor of Philosophy at Yale university."--Pref.
|
| 504 |
|
|
|a Bibliography: pages [467]-483.
|
| 650 |
|
0 |
|a Eskimos.
|
| 710 |
2 |
|
|a Yale University.
|b Louis Stern Memorial Fund.
|
| 999 |
|
|
|a MARS
|
| 999 |
f |
f |
|s 545d7acc-259d-38f4-b490-00c8e29fb22c
|i 35cd9a51-182f-37f3-ada1-a8a27fc057b7
|t 0
|
| 952 |
f |
f |
|p ric
|a Texas A&M University
|b Rellis Campus
|c Joint Library Facility
|d Remote Storage
|t 0
|e E99.E7 W48
|h Library of Congress classification
|i unmediated -- volume
|m A14802141045
|
| 998 |
f |
f |
|a E99.E7 W48
|t 0
|l Remote Storage
|